Music Quiz

Random Music or Song Quiz

Zydrate Anatomy lyrics Quiz Stats

 Plays Quiz not verified by Sporcle

Challenge
Share
Tweet
Embed
Score 0/297 Timer 08:00
0 Plays Today
% Correct
I
97.9%
I
97.9%
I
97.9%
the
97.9%
the
97.9%
the
97.9%
the
97.9%
I
97.9%
I
97.9%
I
97.9%
I
97.9%
the
97.9%
the
97.9%
the
97.9%
the
97.9%
the
97.9%
I
97.9%
I
97.9%
I
97.9%
I
97.9%
the
97.9%
in
95.8%
in
95.8%
in
95.8%
So
95.8%
So
95.8%
So
95.8%
So
95.8%
some
95.8%
Some
95.8%
in
95.8%
so
95.8%
why
93.8%
why
93.8%
Zydrate
93.8%
a
93.8%
little
93.8%
glass
93.8%
vial
93.8%
A
93.8%
little
93.8%
glass
93.8%
vial
93.8%
little
93.8%
glass
93.8%
vial
93.8%
gun
93.8%
a
93.8%
zydrate
93.8%
gun
93.8%
anatomy
93.8%
gun
93.8%
why
93.8%
why
93.8%
you
93.8%
to
93.8%
to
93.8%
to
93.8%
a
93.8%
little
93.8%
a
93.8%
little
93.8%
a
93.8%
little
93.8%
glass
93.8%
vial
93.8%
a
93.8%
gun
93.8%
anatomy
93.8%
gun
93.8%
why
93.8%
you
93.8%
you
93.8%
you
93.8%
a
93.8%
to
93.8%
you
93.8%
you
93.8%
you
93.8%
you
93.8%
you
93.8%
you
93.8%
to
93.8%
you
93.8%
a
93.8%
a
93.8%
come
93.8%
wonder
91.7%
got
91.7%
wonder
91.7%
at
91.7%
all
91.7%
comes
91.7%
And
91.7%
goes
91.7%
And
91.7%
goes
91.7%
against
91.7%
your
91.7%
% Correct
and
91.7%
when
91.7%
goes
91.7%
and
91.7%
surgery
91.7%
wonder
91.7%
wonder
91.7%
at
91.7%
all
91.7%
And
91.7%
And
91.7%
And
91.7%
comes
91.7%
against
91.7%
and
91.7%
when
91.7%
goes
91.7%
surgery
91.7%
wonder
91.7%
at
91.7%
all
91.7%
at
91.7%
all
91.7%
got
91.7%
got
91.7%
at
91.7%
all
91.7%
when
91.7%
got
91.7%
And
91.7%
and
91.7%
And
91.7%
and
91.7%
and
91.7%
surgery
91.7%
Surgery
91.7%
Sometimes
89.6%
Sometimes
89.6%
need
89.6%
me
89.6%
it
89.6%
for
89.6%
Amber
89.6%
sometimes
89.6%
Sometimes
89.6%
need
89.6%
Amber
89.6%
addicted
89.6%
knife
89.6%
Addicted
89.6%
knife
89.6%
addicted
89.6%
knife
89.6%
she
89.6%
sweet
89.6%
for
89.6%
Amber
89.6%
Sometimes
89.6%
need
89.6%
it
89.6%
Amber
89.6%
Amber
89.6%
it
89.6%
for
89.6%
into
87.5%
off
87.5%
ready
87.5%
is
87.5%
needs
87.5%
help
87.5%
with
87.5%
agony
87.5%
help
87.5%
her
87.5%
off
87.5%
is
87.5%
ready
87.5%
her
87.5%
Grave robber
85.4%
Grave robber
85.4%
somewhere
85.4%
you're
85.4%
Grave robber
85.4%
Grave robber
85.4%
Grave robber
85.4%
Grave robber
85.4%
Grave robber
85.4%
Grave robber
85.4%
Grave robber
85.4%
Grave robber
85.4%
Grave robber
85.4%
Grave robber
85.4%
Grave robber
85.4%
Grave robber
85.4%
like
83.3%
battery
83.3%
sparks
81.3%
market
79.2%
market
79.2%
% Correct
market
79.2%
they
79.2%
even
79.2%
pressed
79.2%
miss
79.2%
Mag
79.2%
Mag
79.2%
Mag
79.2%
Mag
79.2%
bother
77.1%
can
77.1%
that
77.1%
that
77.1%
nothing
75%
nothing
75%
Drug
72.9%
ever
72.9%
Love
72.9%
pure
72.9%
mighty
72.9%
fine
72.9%
print
72.9%
mighty
72.9%
fine
72.9%
print
72.9%
mighty
72.9%
fine
72.9%
print
72.9%
mighty
72.9%
fine
72.9%
will
72.9%
will
72.9%
It's
70.8%
it's
70.8%
it's
70.8%
it's
70.8%
feel
70.8%
feel
70.8%
it's
70.8%
Repo
70.8%
then
70.8%
Repo
70.8%
Blood
68.8%
don't
68.8%
Man
68.8%
puts
68.8%
predicament
68.8%
eyes
68.8%
Man
68.8%
pay
68.8%
there
66.7%
can't
66.7%
think
66.7%
think
66.7%
think
66.7%
think
66.7%
think
66.7%
are
66.7%
Mag's
66.7%
If
66.7%
are
66.7%
if
66.7%
sing
64.6%
up
64.6%
Shilo
62.5%
Shilo
62.5%
takes
62.5%
Shilo
62.5%
Shilo
62.5%
Shilo
62.5%
Geneco
62.5%
what
60.4%
Rotti
60.4%
she'll
60.4%
Submarket
58.3%
clean
58.3%
contract's
58.3%
balls
56.3%
has
56.3%
pipes
56.3%
splits
56.3%
forfeit
56.3%
my
54.2%
from
52.1%
rare
52.1%
talking
52.1%
about
52.1%
turn
50%
strikes
50%
heart
47.9%
shine
47.9%
alive
45.8%
Well
45.8%
cut
35.4%
clear
33.3%
inside
33.3%
Girls
29.2%
Before
29.2%
change
27.1%

You're not logged in!

Compare scores with friends on all Sporcle quizzes.
OR
Log In

You Might Also Like...

Show Comments

Extras

Top Quizzes Today


Score Distribution

Your Account Isn't Verified!

In order to create a playlist on Sporcle, you need to verify the email address you used during registration. Go to your Sporcle Settings to finish the process.

Report this User

Report this user for behavior that violates our Community Guidelines.

Details: